| 000 | 00747nam a22002057a 4500 | ||
|---|---|---|---|
| 003 | 0 | ||
| 005 | 20250829164848.0 | ||
| 008 | 250829b xxu||||| |||| 00| 0 eng d | ||
| 020 | _a978-1-5296-8115-4 | ||
| 050 |
_aLB 1585 _b.P75 2024 |
||
| 245 |
_aPrimary Science : _bknowledge & understanding / _cGraham Peacock, John Sharp, Rob Johnsey & Debbie Wright. |
||
| 250 | _aTenth edition. | ||
| 260 |
_aLondon : _bLearning Matters, a Sage Publishing Company, _c2024. |
||
| 300 |
_axvi, 326 pages : _billustrations ; _c25 cm. |
||
| 504 | _aIncludes bibliographical references and index. | ||
| 650 |
_aScience _xStudy and teaching (Elementary). |
||
| 650 |
_aScience _xStudy and teaching. |
||
| 650 |
_aEducation, Primary _xCurricula. |
||
| 942 |
_2lcc _cBK |
||
| 999 |
_c367702 _d367702 |
||